| 000 | 00465ntaaa2200193 4500 | ||
|---|---|---|---|
| 003 | 01 | ||
| 005 | 20251027201720.0 | ||
| 008 | 0714s1973 ag 01 | ||
| 040 |
_aAR-BaBN _bspa _cAR-BaBN _eaacr _dRIC |
||
| 082 | _a234.1000 W33 | ||
| 100 |
_aWatson, Philip S _915707 |
||
| 245 | _aThe concept of grace | ||
| 250 | _a1 ed. | ||
| 260 |
_aPhiladelphia : _bMuhlenberg Press, _cc1959 |
||
| 300 | _a116 p | ||
| 650 | _ateologĂa | ||
| 650 |
_agracia _96454 |
||
| 942 | _cBK | ||
| 999 |
_c11817 _d11817 |
||